00450nam a2200205Ia 4500003000900000008004100009040001300050040001300063041000800076100002400084245002000108250002300128260002100151260000900172300001100181300001000192490002100202490000600223700001500229IT-RoPAU120407s9999 xx 000 0 und d aIT-RoPAU cIT-RoPAU aita aAlexandre Chatrian  aL’amico Fritz aFrancavilla a Mare aEdizioni Paoline c1967 a274 p. c19 cm aFilo d’Erba 53 v1 aE. Erckman